000 00843nam a22002657a 4500
003 DO-SdBNP
005 20211129115211.0
007 ta
008 211020b2017 dr ||||| |||| 00| 0 spa d
020 _a9789945600766
040 _aDO-SdBNP
_bspa
_cBNPHU
082 4 _222
_aRD861.5
_bR373ó
100 1 _aReinoso, Adelso,
_d1992-
_980294
245 1 0 _aOscula versus /
_cAdelso Reinoso Tavárez ; prólogo Pablo Reyes.
246 1 0 _aOscula versus :
_bpoemario.
260 _aSanto Domingo :
_bSantuario,
_c2017.
300 _a68 p. :
_bil. ;
_c23 cm.
500 _aIncluye datos biográficos del autor en las solapas
590 _aInventariado, 2021 /LP
650 4 _aPoesía dominicana
_980295
650 4 _aLiteratura dominicana
_980296
700 1 _aReyes, Pablo,
_eprólogo
_937953
910 _aLopérez
942 _2ddc
_cLBS1
999 _c50792
_d50792